| 000 | 01186nam a2200349 a 4500 | ||
|---|---|---|---|
| 001 | 20710 | ||
| 003 | VRT | ||
| 005 | 20260130123324.0 | ||
| 008 | 950616s1988 xo g 000 f slo c | ||
| 035 | _aUKB000067374 | ||
| 039 | 9 |
_a202212130903 _bfuskovaz _c202210190807 _dfuskovaz _c201308200934 _dgluc _c201308200918 _dgluc |
|
| 040 |
_aBAA001 _bslo _cBAA001 _eAACR2 |
||
| 041 | 1 |
_aslo _hita |
|
| 044 |
_axo _cSK |
||
| 080 | _a850-312.4 SCERBANENCO,G. | ||
| 100 | 1 |
_aScerbanenco, Giorgio, _d1911-1969 |
|
| 240 | 1 | 0 |
_aSabbia non ricorda. _lSlovensky |
| 245 | 1 | 0 |
_aPiesok si nič nepamätá ; Pelech filozofov _cGiorgio Scerbanenco ; z tal. orig. prel. Oľga Pažítková |
| 260 |
_aBratislava _bSlovenský spisovateľ _c1988 |
||
| 300 | _a373 s. | ||
| 490 | 1 | _aZelená knižnica | |
| 530 | _aDostupný aj zvukový záznam | ||
| 653 | _a850-312.4 SCERBANENCO,G. | ||
| 700 | 1 |
_aPažítková, Oľga, _d1952- _4trl |
|
| 740 | 0 | 2 | _aPelech filozofov |
| 776 | 0 |
_tPelech filozofov _i[zvukový záznam] |
|
| 776 | 0 |
_tPiesok si nič nepamätá _i[zvukový záznam] |
|
| 830 | 0 | _aZelená knižnica | |
| 910 | _aukb | ||
| 942 |
_2ddc _cKLDO _n0 |
||
| 949 |
_618001769718 _aSL.D.08259 _bPV.1599-89 |
||
| 999 |
_c20710 _d20710 |
||